• Università cattolica del Sacro Cuore.

di Corporate Name

Records bibliografici associati: 1

001 - CONTROL NUMBER

  • control field: 51742

003 - CONTROL NUMBER IDENTIFIER

  • control field: IT-RoINE

005 - DATE AND TIME OF LATEST TRANSACTION

  • control field: 20191115103300.0

008 - FIXED-LENGTH DATA ELEMENTS

  • fixed length control field: 180719|| aca||aabn | a|a d

040 ## - CATALOGING SOURCE

  • Original cataloging agency: IT-RoINE
  • Transcribing agency: IT-RoINE

110 ## - HEADING--CORPORATE NAME

  • Corporate name or jurisdiction name as entry element: Università cattolica del Sacro Cuore.
  • Subordinate unit: Centro di studi medioevali.
  • Subordinate unit: Settimana internazionale di studio
  • Number of part/section/meeting: (10ª.
  • Date of meeting or treaty signing: 1986.
  • Location of meeting: Passo della Mendola, Italia)

670 ## - SOURCE DATA FOUND

  • Source citation: Work cat.: (IT-RoINE)0: Università cattolica del Sacro Cuore. Centro di studi medioevali. Settimana internazionale di studio (10ª. 1986. Passo della Mendola, Roma), L'Europa dei secoli XI e XII fra novità e tradizione :, [1989]